| 000 | 00000nam##2200000za#4500 |
| 001 | 9.663090 |
| 003 | CaOODSP |
| 005 | 20210615120901 |
| 007 | ta |
| 008 | 150407|2001||||xxc||||| f|0| 0 fre|d |
| 020 | |a0-662-65976-7 |
| 040 | |aCaOODSP|bfre |
| 041 | |aeng |
| 041 | |afre |
| 043 | |an-cn--- |
| 086 | 1 |aHR21-56/2001 |
| 110 | 2 |aCommission canadienne des droits de la personne. |
| 245 | 10|aRecueil de décisions: discrimination fondée sur la race, la couleur, l'origine nationale ou ethnique |
| 260 | |aOttawa - Ontario : |bCommission canadienne des droits de la personne |c2001. |
| 300 | |aTexte français, 40p. ; |c28 cm. |
| 546 | |aBilingue |
| 563 | |aReliure à spirale |
| 590 | |a02-05|b2002-02-01 |
| 691 | 07|aDécision|2gcpds |
| 691 | 07|aDiscrimination raciale|2gcpds |
| 691 | 07|aDroits de la personne|2gcpds |
| 776 | 0#|tRecueil de décisions : |w(CaOODSP)9.639712 |
| 776 | 0#|tRace, colour, national or ethnic origin : |w(CaOODSP)9.695578 |
| 791 | |tRace, colour, national or ethnic origin: anti-discrimination casebook |eeng|w(CaOODSP)9.663089 |